Statistics for Oscar Nominated Actors in the MCU

Click here to take the quiz!

General Stats

  • This quiz has been taken 190 times
  • The average score is 15 of 41

Answer Stats

Answer% Correct
Nominated for his portrayal of an Oscar winning actorRobert Downey Jr
87%
Highest all-time box office starSamuel L. Jackson
66%
Third actor to portray this character on the big screenMark Ruffalo
62%
All four of his nominations came in the 1990sAnthony Hopkins
56%
Nominated for a 2004 biopicDon Cheadle
55%
Her Oscar win was among seven for the film she starred inGwyneth Paltrow
54%
Starred in a film about a group of grown men who play an annual game of tagJeremy Renner
54%
Step son of Barbara StreisandJosh Brolin
52%
Portrayed two characters in the same MCU filmBenedict Cumberbatch
50%
Claimed he wrote the script for his MCU filmEdward Norton
48%
Won Best Picture for a film starring Jack NicholsonMichael Douglas
47%
Won an Oscar for his portrayal of a famous Indian activistBen Kingsley
46%
Won Best Actress in both leading and supporting rolesCate Blanchett
46%
First Kenyan and Mexican actress to win an OscarLupita N'Yongo
44%
Received more Best Director nominations than Best Actor onesRobert Redford
44%
Starred in a film about the creation of McDonald'sMichael Keaton
43%
First person born in the 1980s to win Best ActressNatalie Portman
42%
Won a Golden Globe for her Oscar nominated portrayal of Tina TurnerAngela Bassett
41%
Second woman to portray Catwoman on the big screenMIchelle Pfeiffer
39%
Nominated in four separate decadesJeff Bridges
37%
Replaced after his MCU debutTerrence Howard
35%
Nominated for her role in a film about the child molestation scandal within the Catholic ChurchRachel McAdams
33%
Won an Oscar for her role opposite George ClooneyTilda Swinton
32%
Nominated for Best Actor and Best Motion Picture for his role as producer on a filmBradley Cooper
30%
Was nominated in three consecutive years in the 1980sWilliam Hurt
28%
Won an Oscar for his portrayal of a Ugandan dictatorForest Whittaker
26%
Provided the voice for Spiderman's suit in the titular character's 2017 filmJennifer Connelly
26%
Featured in The Purge franchiseMarisa Tomei
26%
Nominated for his role in a film about the life of an historic 19th century PresidentTommy Lee Jones
26%
Won an Oscar, BAFTA and Golden Globe in 2018Sam Rockwell
25%
Won a BAFTA and Golden Globe for his sole Oscar nominated performanceMickey Rourke
23%
Lied about his age to secure a role in Apocalypse NowLaurence Fishburne
21%
His breakout role was as the eccentric, intelligible Fred FensterBenicio Del Toro
19%
Character was among those killed off screen in Avengers: Infinity WarGlenn Close
19%
Was the original choice for Severus Snape in the Harry Potter filmsTim Roth
18%
The sixth actor to be nominated twice for an Oscar for portraying the same characterSylvester Stallone
17%
Featured in an E4 series where he was also a contributing writer for the first two seasonsDaniel Kaluuya
16%
Nominated for a Grammy for Best Spoken Word Album for ChildrenStanley Tucci
14%
Set to also appear in the DC Extended UniverseDjimon Hounsou
11%
Nominated for eighteen Emmy AwardsAlfre Woodard
8%
Will portray Scar in the live-action remake of The Lion KingChiwetel Ejofor
6%

Score Distribution

Percentile by Number Answered

Percent of People with Each Score

Your Score History

You have not taken this quiz